Radionuclide retention in geologic media workshop proceedings Oskarshamn, Sweden 7-9 may 2001

Salvato in:
Dettagli Bibliografici
Natura: Libro
Lingua:inglese
Pubblicazione: Paris OECD 2002
Serie:Radioactive waste management Geotrap project
Soggetti:
Tags: Aggiungi Tag
Nessun Tag, puoi essere il primo ad aggiungerne!!

MARC

LEADER 00000nam a2200000 4500
001 c132918
005 20221124092743.1
020 |a 92-64-19695-1 
041 0 |a eng 
044 |a FR 
245 1 0 |a Radionuclide retention in geologic media  |b workshop proceedings Oskarshamn, Sweden 7-9 may 2001 
264 1 |a Paris  |b OECD  |c 2002 
300 |a 269 s. 
490 1 |a Radioactive waste management  |v Geotrap project 
830 0 |a Radioactive waste management  |v Geotrap project 
610 2 0 |a energia atómová 
610 2 0 |a energetika 
610 2 0 |a geológia 
610 2 0 |a urán 
610 2 0 |a výskum